<Les> Conseils économiques et sociaux
Salvato in:
| Autore principale: | |
|---|---|
| Natura: | Libro |
| Lingua: | francese |
| Pubblicazione: |
Paris
Presses Universitaires de France
1994
|
| Serie: | que sais - je ?
|
| Soggetti: | |
| Tags: |
Nessun Tag, puoi essere il primo ad aggiungerne!!
|
MARC
| LEADER | 00000nam$a2200000$$$4500 | ||
|---|---|---|---|
| 001 | 0113922 | ||
| 005 | 20240111124536.7 | ||
| 020 | |a 2-13-046048-8 | ||
| 041 | 0 | |a fre | |
| 044 | |a FR | ||
| 245 | 1 | 0 | |a <Les> Conseils économiques et sociaux |c Pierre Bodineau |
| 264 | 1 | |a Paris |b Presses Universitaires de France |c 1994 | |
| 300 | |a 127 s. | ||
| 490 | 1 | |a que sais - je ? | |
| 830 | 0 | |a que sais - je ? | |
| 610 | 2 | 0 | |a organizácie medzinárodné |
| 610 | 2 | 0 | |a politika hospodárska |
| 610 | 2 | 0 | |a politika sociálna |
| 610 | 2 | 0 | |a Európa |
| 610 | 2 | 0 | |a Amerika |
| 100 | 1 | |a Bodineau, Pierre | |